| 000 | 00000nam##2200000za#4500 |
| 001 | 9.570544 |
| 003 | CaOODSP |
| 005 | 20210624182305 |
| 007 | cr ||||||||||| |
| 008 | 150406|2005||||xxc|||||o f|0| 0 eng|d |
| 022 | |a1919-5087 |
| 040 | |aCaOODSP|beng |
| 043 | |an-cn--- |
| 086 | 1 |aFs70-6/2005-040E-PDF |
| 110 | 1 |aCanada. |bDepartment of Fisheries and Oceans. |bPacific Region. |
| 245 | 10|aSablefish (Anoplopoma fimbria) stock assessment and advice for 2005 |h[electronic resource] |
| 246 | 1 |aPacific region - stock assessment report on sablefish (Anoplopoma fimbria) |
| 260 | |aDartmouth - Nova Scotia : |bFisheries and Oceans Canada. |cSeptember 2005. |
| 300 | |a8p.|bgraphs, illus., map, references, tables |
| 490 | 1 |aCanadian Science Advisory Secretariat science advisory report |x1919-5087|v2005/040, Pacific Region |
| 590 | |a11-11-Supp|b2011-07-13 |
| 775 | 08|tÉvaluation des stocks de morue charbonnière (Anoplopoma fimbria) et avis pour 2005 |w(CaOODSP)9.601192 |
| 830 | #0|aScience advisory report (Canadian Science Advisory Secretariat)|x1919-5087|v2005/040, Pacific Region|w(CaOODSP)9.506226 |
| 856 | 40|ahttp://publications.gc.ca|qPDF|s159 KB|uhttps://publications.gc.ca/collections/collection_2011/mpo-dfo/Fs70-6-2005-040-eng.pdf|y2005/040, Pacific Region |